[Event "10th Lichtenberger Sommer"]
[Site "Berlin GER"]
[Date "2011.08.20"]
[Round "8.6"]
[White "Muse,D"]
[Black "Kollberg,L"]
[Result "1-0"]
[WhiteElo "2381"]
[BlackElo "2237"]

1.d4 g6 2.e4 Bg7 3.Nc3 d6 4.f4 Nc6 5.Be3 Nf6 6.Be2 O-O 7.e5 dxe5 8.dxe5 Qxd1+
9.Rxd1 Ng4 10.Bc1 Nb4 11.Nd5 Nxd5 12.Rxd5 Be6 13.Rd1 Rad8 14.Rxd8 Rxd8 15.h3 Nh6
16.g4 f6 17.exf6 exf6 18.Nf3 c5 19.Rg1 Nf7 20.b3 b6 21.Bb2 Bd5 22.Nd2 Nd6
23.Rg3 f5 24.Bxg7 Kxg7 25.Re3 Be4 26.Nxe4 Nxe4 27.Bd3 Re8 28.Bxe4 fxe4 29.Kf2 Kf6
30.Re2 g5 31.Ke3 h5 32.Rd2 hxg4 33.hxg4 Re6 34.c4 Re8 35.Rd6+ Ke7 36.Rh6 gxf4+
37.Kxf4 Kf7 38.Rh2 Kg6 39.Re2 Rf8+ 40.Kxe4 Kg5 41.Rg2 Rd8 42.Ke5 Rd1 43.Rf2 Rd7
44.Ke6 Rd4 45.Rf7 a6 46.Rb7 Rf4 47.Kd6 Rf6+ 48.Kc7 Kxg4 49.Rxb6  1-0

[Event "10th Lichtenberger Sommer"]
[Site "Berlin GER"]
[Date "2011.08.20"]
[Round "8.81"]
[White "Pallas,Sebastian"]
[Black "Becker,Uwe"]
[Result "0-1"]
[WhiteElo "1803"]
[BlackElo "1791"]

1.e4 d6 2.d4 g6 3.Nc3 Bg7 4.h3 Nd7 5.Nf3 a6 6.a4 c6 7.Bd3 Ngf6 8.O-O O-O
9.Be3 Qc7 10.a5 b6 11.axb6 Nxb6 12.Nd2 Bb7 13.f4 e5 14.dxe5 dxe5 15.f5 Rfd8
16.Bg5 Rd6 17.Qe1 Nbd7 18.Nc4 Rd4 19.Be3 c5 20.fxg6 fxg6 21.b3 Nf8 22.Bxd4 cxd4
23.Nd1 Nh5 24.Qa5 Qe7 25.Qe1 Nf4 26.Kh2 N8e6 27.g3 Nh5 28.Qf2 Rf8 29.Qg2 Ng5
30.Ndb2 Bc8 31.Rxf8+ Kxf8 32.Qf2+ Kg8 33.h4 Ne6 34.Na4 Nc5 35.Nxc5 Qxc5 36.Qe1 Nf6
37.Kg2 Ng4 38.Qe2 Qc6 39.Ra5 Qe6 40.Ra1 Bh6 41.Rf1 Ne3+ 42.Nxe3 Qh3+  0-1

[Event "XVI Seahorse Open A"]
[Site "Rewal POL"]
[Date "2011.08.20"]
[Round "2.23"]
[White "Sabuk,P"]
[Black "Sielicki,T"]
[Result "1-0"]
[WhiteElo "2199"]
[BlackElo "2022"]

1.e4 g6 2.d4 Bg7 3.Nc3 d6 4.f4 a6 5.Nf3 b5 6.Bd3 Nd7 7.e5 c5 8.exd6 exd6
9.O-O Ne7 10.Ne4 Nb6 11.dxc5 dxc5 12.Nd6+ Kf8 13.Be4 Ra7 14.Nxc8 Qxc8 15.Ne5 Nd7
16.Qd6 Qc7 17.Nxd7+ Qxd7 18.Qb8+ Nc8 19.f5 Bd4+ 20.Kh1 Kg7 21.Qf4 Re8 22.c3 Be5
23.Qh4 Kg8 24.Bg5 Nd6 25.Rad1 Qc8 26.Rxd6 Bxd6 27.fxg6 fxg6 28.Bd5+ Kh8 29.Bf6+ Rg7
30.Bxg7+ Kxg7 31.Rf7+  1-0

[Event "26th Schwarzacher Open"]
[Site "Schwarzach AUT"]
[Date "2011.08.20"]
[Round "1"]
[White "Knoblauch,L"]
[Black "Tjiam,D"]
[Result "1/2-1/2"]
[WhiteElo "2062"]
[BlackElo "2382"]

1.e4 d6 2.d4 g6 3.Nc3 Bg7 4.Be3 a6 5.a4 b6 6.Qd2 Bb7 7.Be2 Nd7 8.h4 Ngf6
9.Bf3 e5 10.d5 h6 11.Nge2 h5 12.Bg5 Nf8 13.O-O-O Qd7 14.g3 b5 15.a5 N8h7
16.Be3 O-O 17.Na2 c6 18.dxc6 Bxc6 19.Nec3 Qb7 20.Qxd6 Bxe4 21.Bxe4 Nxe4 22.Nxe4 Qxe4
23.Nc3 Qf5 24.Nd5 Kh8 25.Bb6 Nf6 26.Ne7 Qf3 27.Qc6 Qg4 28.Rhe1 Qb4 29.Qc5 Qg4
30.Qc6 Qb4 31.Qc5 Qg4  1/2-1/2

[Event "Botvinnik 100th Open"]
[Site "St Petersburg RUS"]
[Date "2011.08.20"]
[Round "9"]
[White "Nedostup,D"]
[Black "Kaganov,D"]
[Result "1-0"]
[WhiteElo "2033"]
[BlackElo "2160"]

1.e4 d6 2.d4 g6 3.Nc3 Bg7 4.Be3 Nd7 5.Qd2 c6 6.f3 Qa5 7.Bc4 b5 8.Bb3 Nb6
9.Nge2 Nc4 10.Bxc4 bxc4 11.O-O h5 12.h3 Nf6 13.Rab1 Qc7 14.f4 d5 15.e5 Ng8
16.b3 Nh6 17.bxc4 dxc4 18.Ne4 Rb8 19.Qc3 Rxb1 20.Rxb1 O-O 21.Nc5 Bf5 22.Rb7 Qc8
23.Kh2 Be6 24.Rxe7  1-0

[Event "Stockholm Open"]
[Site "Stockholm SWE"]
[Date "2011.08.20"]
[Round "8"]
[White "Mattsson,M"]
[Black "Olund,Joar"]
[Result "0-1"]
[WhiteElo "2081"]
[BlackElo "2090"]

1.e4 g6 2.d4 Bg7 3.Nc3 d6 4.Be3 a6 5.Qd2 b5 6.a4 b4 7.Nd5 a5 8.Nf3 c6 9.Nf4 Nf6
10.Bd3 Ng4 11.O-O O-O 12.c3 c5 13.h3 bxc3 14.bxc3 cxd4 15.cxd4 Nxe3 16.fxe3 Ba6
17.Rab1 Bxd3 18.Qxd3 Na6 19.Rb7 Nb4 20.Qb5 Bh6 21.Kh2 Rb8 22.Rxb8 Qxb8 23.Qxa5 Nc2
24.Nd5 Nxe3 25.Nxe7+ Kh8 26.Rf2 Qb1 27.Nd2 Qe1 28.Rf3 Qe2 29.Rxe3 Bxe3 30.Qg5 Bxg5  0-1

[Event "5th Zupanja Open"]
[Site "Zupanja CRO"]
[Date "2011.08.20"]
[Round "7.6"]
[White "Srbis,J"]
[Black "Kljako,D"]
[Result "1-0"]
[WhiteElo "2274"]
[BlackElo "2181"]

1.e4 g6 2.d4 Bg7 3.Nc3 d6 4.Be3 c6 5.Qd2 b5 6.Bd3 Nd7 7.Nf3 Bb7 8.O-O a6
9.a4 b4 10.Ne2 a5 11.Ng3 e6 12.c3 bxc3 13.bxc3 Ngf6 14.Rab1 Ba6 15.Bxa6 Rxa6
16.Bh6 O-O 17.Bxg7 Kxg7 18.Qf4 c5 19.Rb7 cxd4 20.cxd4 Qc8 21.Rfb1 Qc6 22.R7b5 Rb6
23.Rc1 Qa8 24.Rxb6 Nxb6 25.Qxd6 Nxa4 26.Qe5 h6 27.Ra1 Qc6 28.d5 exd5 29.Nd4 Qc3
30.Rxa4 Qe1+ 31.Nf1 Re8 32.Nf3 Qe2 33.Qa1 dxe4 34.Ne5 Kg8 35.Ra2 Qa6 36.Rxa5 Qe6
37.Ne3 h5 38.h3 Kh7 39.N5c4 Rc8 40.Ra6 Rc6 41.Rxc6 Qxc6 42.Qa7 Qe6 43.Qd4 Nd7
44.Nd5 f5 45.Nf4 Qf7 46.Qd6 Nf8 47.Ne5 Qg7 48.h4  1-0

[Event "10th Lichtenberger Sommer"]
[Site "Berlin GER"]
[Date "2011.08.21"]
[Round "9.62"]
[White "Lagunov,El"]
[Black "Schlueter,Be"]
[Result "0-1"]
[WhiteElo "1713"]
[BlackElo "1987"]

1.e4 g6 2.d4 Bg7 3.Nc3 d6 4.f4 Nf6 5.Nf3 O-O 6.Bd3 Na6 7.O-O c5 8.d5 Bg4
9.h3 Bxf3 10.Qxf3 Nb4 11.Qg3 a6 12.a4 b6 13.f5 Nd7 14.Ne2 Ne5 15.Nf4 c4 16.Be2 Nxc2
17.Rb1 b5 18.Nh5 Nd4 19.Bd1 Nd3 20.Be3 Be5 21.Qg4 Kh8 22.Ng3 b4 23.Bh6 Rg8
24.Bg5 gxf5 25.Qh4 f6 26.Nxf5 fxg5 27.Qh5 Qe8 28.Qg4 h5 29.Qxh5+ Qxh5 30.Bxh5 Nxf5
31.Rxf5 Raf8 32.Rbf1 Rxf5 33.Rxf5 Bxb2 34.Rf7 Bf6  0-1

[Event "SS Manhem GM"]
[Site "Gothenburg SWE"]
[Date "2011.08.21"]
[Round "9"]
[White "Berg,E"]
[Black "Hillarp Persson,T"]
[Result "1/2-1/2"]
[WhiteElo "2604"]
[BlackElo "2547"]

1.e4 g6 2.Nc3 Bg7 3.d4 d6 4.Be3 c6 5.Qd2 b5 6.h4 h5 7.Nh3 Bxh3 8.Rxh3 Nf6
9.f3 Nbd7 10.g3 Qc7 11.Rh1 Nb6 12.b3 a5 13.Kf2 O-O 14.Bd3 Rfe8 15.Ne2 e5
16.dxe5 Rxe5 17.Kg2 Ree8 18.Nf4 d5 19.Bxb6 Qxb6 20.exd5 cxd5 21.Rae1 b4 22.Rxe8+ Rxe8
23.Re1 Rxe1 24.Qxe1 Bf8 25.Qe5 Bc5 26.Ne2 Qd6 27.Qxd6 Bxd6 28.Nd4 Kf8 29.Bb5 Bc7
30.Nc6 Ng8 31.Kh3 Ne7 32.Nd4 Be5 33.Ne2 Nf5 34.g4 Nd4 35.Nxd4 Bxd4 36.Bc6 Bf2
37.Bxd5 Kg7 38.Be4 Be1 39.Bd3 Kh6 40.g5+ Kg7 41.f4 f5 42.Bb5 Kf7 43.Ba4 Ke7
44.Bc6 Bd2 45.Kg3 Be1+ 46.Kh3 Bd2 47.Kg3  1/2-1/2

[Event "26th Universiade Men"]
[Site "Shenzhen CHN"]
[Date "2011.08.21"]
[Round "9"]
[White "Yilmaz,M"]
[Black "Adly,A"]
[Result "1-0"]
[WhiteElo "2519"]
[BlackElo "2631"]

1.e4 g6 2.d4 Bg7 3.Nc3 d6 4.Bg5 h6 5.Bh4 Nd7 6.Qd2 c5 7.d5 a6 8.f4 b5 9.Nd1 Ngf6
10.Nf2 g5 11.fxg5 hxg5 12.Bxg5 Nh7 13.Be3 Bxb2 14.Rb1 Bg7 15.a3 Nhf8 16.h4 Ne5
17.h5 e6 18.Be2 exd5 19.exd5 Qe7 20.h6 Bf6 21.Ne4 Rg8 22.Nf3 Rxg2 23.Nxf6+ Qxf6
24.Nxe5 Qxe5 25.Bf4 Qe4 26.Rb3 Be6 27.Rf1 Qxd5 28.Rd3 Qe4 29.Re3 Qd4 30.Bxb5+ axb5
31.Qxg2 d5 32.Qg7 Ra4 33.Qxd4 Rxd4 34.Rg3 Bf5 35.Be3 Bxc2 36.Bxd4 cxd4 37.Kd2 Be4
38.Rg7 Bg6 39.Rxg6 Nxg6 40.Kd3 Kf8 41.Kxd4 Ne7 42.h7 Ng6 43.Kxd5 Kg7 44.Kc5 Ne5
45.Kxb5 Kxh7 46.Rf5  1-0

[Event "5th Zupanja Open"]
[Site "Zupanja CRO"]
[Date "2011.08.21"]
[Round "9.6"]
[White "Srbis,J"]
[Black "Martic,Z"]
[Result "1-0"]
[WhiteElo "2274"]
[BlackElo "2361"]

1.e4 g6 2.d4 Bg7 3.Nc3 d6 4.Be3 a6 5.Qd2 Nd7 6.O-O-O b5 7.f3 Bb7 8.h4 h5
9.Nh3 Ngf6 10.Ng5 Rc8 11.e5 dxe5 12.dxe5 Nxe5 13.Qxd8+ Rxd8 14.Rxd8+ Kxd8
15.Bd4 Nfd7 16.f4 Bh6 17.Kb1  1-0

[Event "5th Zupanja Open"]
[Site "Zupanja CRO"]
[Date "2011.08.21"]
[Round "9.15"]
[White "Plenca,Jadranko"]
[Black "Kljako,D"]
[Result "1/2-1/2"]
[WhiteElo "1868"]
[BlackElo "2181"]

1.e4 g6 2.d4 Bg7 3.Nc3 d6 4.Be3 Nf6 5.Bd3 Nc6 6.h3 e5 7.d5 Ne7 8.Nge2 c6
9.O-O cxd5 10.Nxd5 Nfxd5 11.exd5 O-O 12.c4 Nf5 13.Bxf5 Bxf5 14.Qb3 b6 15.f4 Qe7
16.Ng3 Bd7 17.f5 Qh4 18.Bf2 Rac8 19.Rac1 Bh6 20.Rc2 Qe7 21.Qf3 f6 22.Be3 Bg7
23.Qe4 Be8 24.Rfc1 Qd7 25.Rf2 Bf7 26.Qd3 Rc7 27.b3 Rfc8 28.a4 Re8 29.Rcf1 Rf8
30.Qd2 Qe7 31.Bh6 Be8 32.Bxg7 Kxg7 33.Ne4 Bd7 34.fxg6 f5 35.gxh7 Kxh7 36.Qb4 Rc5
37.Nxc5 bxc5 38.Qb7 f4 39.Qxa7 Rf7 40.Qb6 Rg7 41.Kh1 Qh4 42.a5 Bf5 43.Qxd6 Be4
44.Qe6 Qg3 45.Qg4 Rxg4 46.hxg4 Qxb3 47.Rd2 Qxc4 48.Rfd1 f3 49.d6 fxg2+ 50.Kg1 Bc6
51.d7 Bxd7 52.Rxd7+ Kg6 53.a6 Kg5 54.a7 Qa2 55.R1d2 Qa1+ 56.Kxg2 c4 57.Rf2 e4
58.Rf8 Qb2+ 59.Kf1 Qa1+ 60.Ke2 Qa2+  1/2-1/2

[Event "Trade Fair Open A"]
[Site "Brno CZE"]
[Date "2011.08.22"]
[Round "3"]
[White "Kopecek,Ivan"]
[Black "Dubina,P"]
[Result "1/2-1/2"]
[WhiteElo "1983"]
[BlackElo "2161"]

1.e4 d6 2.d4 g6 3.Nc3 Bg7 4.Nf3 c6 5.Be3 Nf6 6.h3 O-O 7.Be2 Na6 8.O-O Nc7
9.Qd2 b5 10.a3 Bb7 11.Bh6 a6 12.Bxg7 Kxg7 13.Rad1 Ne6 14.Ng5 Nxg5 15.Qxg5 Rc8
16.f4 c5 17.e5 Ne4 18.Nxe4 Bxe4 19.c3 f6 20.Qg3 cxd4 21.Rxd4 d5 22.exf6+ Rxf6
23.Bd3 Bxd3 24.Qxd3 e6 25.Qe3  1/2-1/2

[Event "ch-FRA National B"]
[Site "Caen FRA"]
[Date "2011.08.23"]
[Round "8"]
[White "Wirig,A"]
[Black "Moussard,J"]
[Result "1-0"]
[WhiteElo "2510"]
[BlackElo "2426"]

1.d4 d6 2.e4 g6 3.Nc3 Bg7 4.Be3 a6 5.Qd2 Nd7 6.O-O-O b5 7.h4 h5 8.Nh3 Bb7
9.Ng5 e6 10.f4 Nh6 11.Bd3 c5 12.dxc5 Qa5 13.Bxb5 axb5 14.Qxd6 b4 15.Nxe6 fxe6
16.Qxe6+ Kf8 17.Rxd7 Rh7 18.f5 Qa6 19.Rd6 bxc3 20.f6 Qxa2 21.Rd8+ Rxd8 22.fxg7+ Rxg7
23.Rf1+ Rf7 24.Bxh6+ Kg8 25.Qxa2 Bd5 26.Qxd5 Rxd5 27.Rxf7 Rxc5 28.Rg7+ Kh8
29.Rxg6 Kh7 30.Re6  1-0

[Event "BDO Challengers"]
[Site "Haarlem NED"]
[Date "2011.08.23"]
[Round "4.5"]
[White "Slingerland,F"]
[Black "De Wit,T"]
[Result "1-0"]
[WhiteElo "2390"]
[BlackElo "2293"]

1.e4 d6 2.d4 g6 3.Nc3 Bg7 4.f4 Nf6 5.a3 O-O 6.Nf3 c5 7.dxc5 Qa5 8.b4 Qc7
9.e5 dxe5 10.fxe5 Ng4 11.Nd5 Qd7 12.Bf4 Nc6 13.Bb5 Rd8 14.c4 e6 15.Bxc6 bxc6
16.Nc3 f6 17.Qxd7 Rxd7 18.Ne4 fxe5 19.Bg5 h6 20.h3 hxg5 21.hxg4 Ba6 22.Rc1 Rd3
23.Nd6 Re3+ 24.Kf2 Rxa3 25.Ra1 Rxa1 26.Rxa1 Bc8 27.Nxg5 e4 28.Ra4 Bd4+ 29.Ke2 Bd7
30.Ngxe4 Kg7 31.Kd3 e5 32.g5 a6 33.b5 cxb5 34.cxb5 Rd8 35.Rxa6 Bxc5 36.Nxc5 Bxb5+
37.Ke4 Bxa6 38.Ne6+  1-0

[Event "11th Metropolitan Invitational"]
[Site "Los Angeles USA"]
[Date "2011.08.25"]
[Round "5"]
[White "Altounian,L"]
[Black "Ginsburg,M"]
[Result "1/2-1/2"]
[WhiteElo "2431"]
[BlackElo "2387"]

1.e4 g6 2.d4 Bg7 3.Nc3 d6 4.g3 Nc6 5.d5 Nd4 6.Bg2 c5 7.dxc6 Nxc6 8.Nge2 Nf6
9.O-O O-O 10.h3 Rb8 11.Bg5 b5 12.Nd5 Nd7 13.c3 h6 14.Be3 a5 15.Nd4 Nxd4 16.Bxd4 Bb7
17.Bxg7 Kxg7 18.Re1 e5 19.b4 Nb6 20.Nxb6 Qxb6 21.bxa5 Qc5 22.a4 Bc6 23.axb5 Rxb5
24.a6 Rb2 25.Re2 Rxe2 26.Qxe2 Qxc3 27.Rd1 Qc5 28.Qb2 Ba8 29.Rc1 Qa7 30.Qa3 Rd8
31.Qa5 Rb8 32.Qc7 Qxc7 33.Rxc7 Rb1+ 34.Kh2 Ra1 35.a7 Ra2 36.Kg1 Ra1+ 37.Kh2 Ra2
38.f3 d5 39.Kg1 Ra1+ 40.Kf2 Ra2+ 41.Kg1 Ra1+ 42.Bf1 dxe4 43.fxe4 Bxe4 44.Kf2 Bd5  1/2-1/2

[Event "31st Presolana Open"]
[Site "Presolana ITA"]
[Date "2011.08.25"]
[Round "6.12"]
[White "Bellia,F"]
[Black "Cocchi,A"]
[Result "1-0"]
[WhiteElo "2424"]
[BlackElo "2297"]

1.e4 g6 2.d4 Bg7 3.Nc3 d6 4.f4 Nf6 5.Nf3 O-O 6.Bd3 Na6 7.O-O c5 8.d5 Rb8
9.Bc4 e6 10.dxe6 Bxe6 11.Bxe6 fxe6 12.f5 gxf5 13.exf5 Nc7 14.Ng5 Qd7 15.Bf4 e5
16.Bg3 Rbd8 17.Nce4 Nxe4 18.Nxe4 Rxf5 19.Rxf5 Qxf5 20.Nxc5 d5 21.Qe2 b6 22.Rf1 Qc8
23.Bxe5 Re8 24.Nd3 Qe6 25.Re1 Nb5 26.Qh5 Qg6 27.Qxg6 hxg6 28.Bxg7 Rxe1+ 29.Nxe1 Kxg7
30.Kf2 Kf6 31.Ke3 Ke5 32.Nf3+ Kf6 33.g4 g5 34.a4  1-0

[Event "31st Presolana Open"]
[Site "Presolana ITA"]
[Date "2011.08.25"]
[Round "6.13"]
[White "Brunello,M"]
[Black "Manca,F"]
[Result "0-1"]
[WhiteElo "2228"]
[BlackElo "2401"]

1.e4 g6 2.d4 Bg7 3.Nc3 d6 4.Nf3 Nf6 5.h3 O-O 6.Be3 a6 7.Bd3 Nc6 8.a3 e5 9.dxe5 Nxe5
10.Nxe5 dxe5 11.O-O Be6 12.Qe2 b5 13.Bc5 Re8 14.a4 c6 15.Qe3 Nh5 16.Rfd1 Qh4
17.g3 Qf6 18.Bf1 Nf4 19.Kh2 Bh6 20.Kh1 b4 21.Ne2 Bxh3 22.gxf4 Bxf1 23.Rxf1 Qh4+
24.Kg2 exf4 25.Qh3 f3+ 26.Qxf3 Qg5+ 27.Ng3 Qxc5 28.Qb3 Bf4 29.Rad1 Re7 30.Rd3 Rae8
31.c3 Qg5 32.Qc4 h5  0-1

[Event "4th Jessie Gilbert Open"]
[Site "Coulsdon ENG"]
[Date "2011.08.27"]
[Round "8"]
[White "Hodgson,Jo"]
[Black "O'Toole,G"]
[Result "0-1"]
[WhiteElo "2208"]
[BlackElo "2185"]

1.e4 g6 2.d4 Bg7 3.Nc3 d6 4.f4 Nf6 5.Nf3 O-O 6.Bd3 Na6 7.O-O c5 8.d5 Rb8
9.f5 Nc7 10.Qe1 b5 11.Qh4 c4 12.Be2 b4 13.Nd1 gxf5 14.Ng5 h6 15.Nh3 Nxe4
16.Bxh6 e6 17.Qxd8 Rxd8 18.Bxg7 Kxg7 19.Bxc4 Nd2 20.Rf4 e5 21.Rh4 Nxc4 22.Rxc4 Nxd5
23.a3 Ba6 24.Rh4 bxa3 25.Rxa3 Be2 26.Nhf2 Rdc8 27.c3 e4 28.Ra5 Rc5 29.Rxc5 dxc5
30.Rh3 a5 31.c4 Bxc4 32.Ra3 Rb3  0-1

[Event "City of Dublin IM"]
[Site "Dublin IRL"]
[Date "2011.08.27"]
[Round "3"]
[White "Wall,G"]
[Black "Delaney,J"]
[Result "0-1"]
[WhiteElo "2329"]
[BlackElo "2224"]

1.e4 g6 2.d4 Bg7 3.Nc3 d6 4.h4 Nd7 5.h5 c5 6.d5 a6 7.g4 Qa5 8.Qd2 b5 9.g5 Nb6
10.h6 Bf8 11.b3 e5 12.f4 f6 13.Bb2 c4 14.a3 cxb3 15.cxb3 Nd7 16.Nf3 Be7 17.fxe5 Nxe5
18.Nxe5 fxe5 19.Rg1 Qb6 20.Rg3 Bd7 21.Ne2 Rc8 22.Nd4 Nxh6 23.Bh3 Bxh3 24.Rxh3 Nf7
25.Nf3 Nxg5 26.Nxg5 Qg1+ 27.Ke2 Qxg5 28.Qxg5 Bxg5 29.Kd3 O-O 30.a4 b4 31.Rg1 Rf2  0-1

[Event "XVI Seahorse Open A"]
[Site "Rewal POL"]
[Date "2011.08.27"]
[Round "8"]
[White "Popova,N"]
[Black "Sowul,B"]
[Result "0-1"]
[WhiteElo "2317"]
[BlackElo "2208"]

1.e4 g6 2.d4 Bg7 3.Nc3 d6 4.g3 Nc6 5.d5 Ne5 6.Bg2 Nf6 7.h3 O-O 8.Nge2 c6
9.O-O cxd5 10.exd5 a6 11.a4 Qc7 12.Nd4 Bd7 13.Kh2 Rab8 14.a5 Nc4 15.Nb3 Rbc8
16.Ne2 e5 17.dxe6 fxe6 18.Nf4 Kh8 19.c3 Rce8 20.Kg1 e5 21.Nd5 Nxd5 22.Qxd5 Be6
23.Qd1 d5 24.Ra4 e4 25.Qe2 Qc8 26.Kh2 Ne5 27.Rd1 Bd7 28.Rb4 Nd3 29.Be3 Nxb4
30.cxb4 Bb5 31.Qd2 Bd3 32.Rc1 Qd8 33.Nc5 d4 34.Bf4 g5 35.Nxb7 Qa8 36.Bd6 Qxb7
37.Bxf8 Bxf8 38.Qxd3 exd3 39.Bxb7 d2 40.Rd1 Bxb4 41.Bf3 Re1 42.h4 h6 43.hxg5 hxg5
44.Bg4 Bxa5 45.Kg2 Kg7 46.f4 gxf4 47.gxf4 Kf6 48.Kg3 Bb4 49.Kh4 Kg6 50.Kg3 a5
51.Kh3 Re3+ 52.Kg2 Kf6 53.Kf2 Re1 54.Kg3 Ke7 55.Kh4 Kf6 56.Kg3 Re3+ 57.Kf2 Rd3
58.Be2 Rb3 59.Rb1 Kf5 60.Bd1 Re3 61.Be2 Kxf4 62.Rh1 Re7 63.Rh4+ Ke5 64.Bd1 Kd5
65.Bb3+ Kc5 66.Rh5+ Kb6 67.Rh6+ Kc7 68.Rh1 Re1 69.Kg2 Kd6 70.Rh6+ Ke5 71.Rh5+ Kf4
72.Rh4+ Ke3 73.Rh3+ Ke2 74.Bc4+ Kd1 75.Rh8 Kc1 76.Rc8 Kxb2  0-1

[Event "10th Sunny Beach Open"]
[Site "Sunny Beach BUL"]
[Date "2011.08.27"]
[Round "1.55"]
[White "Angelov,G"]
[Black "Chervenkov,D"]
[Result "1-0"]
[WhiteElo "2218"]
[BlackElo "1778"]

1.e4 g6 2.d4 Bg7 3.Nc3 d6 4.g3 Nf6 5.Bg2 O-O 6.Nge2 Nc6 7.O-O e5 8.Re1 Nd7
9.Be3 Ne7 10.Qd2 f5 11.Bg5 Nf6 12.Rad1 exd4 13.Nxd4 Ng4 14.exf5 Nh6 15.fxg6 Nxg6  1-0

[Event "TCh-SRB Premier Women"]
[Site "Valjevo SRB"]
[Date "2011.08.27"]
[Round "1.5"]
[White "Maric,M"]
[Black "Dejanovic,Ivana"]
[Result "1-0"]
[WhiteElo "2283"]
[BlackElo "1446"]

1.e4 g6 2.d4 Bg7 3.Nc3 d6 4.g3 Nf6 5.Bg2 O-O 6.Nge2 Nbd7 7.O-O c6 8.h3 Rb8
9.a4 c5 10.Be3 b6 11.f4 Bb7 12.d5 Ne8 13.Qd2 h6 14.Rae1 Nc7 15.b3 a6 16.g4 b5
17.Ng3 b4 18.Nce2 a5 19.h4 f6 20.h5 g5 21.Nf5 Rc8 22.Neg3 Kh7 23.Nxg7 Kxg7
24.e5 Ba6 25.e6 Nb6 26.fxg5 fxg5 27.Nf5+ Kh7 28.Be4 Kh8 29.Rf2 Bb7 30.Nxh6 Bxd5
31.Bxd5 Ncxd5 32.Nf7+  1-0

[Event "7th Dieppe Open A"]
[Site "Dieppe FRA"]
[Date "2011.08.28"]
[Round "1.2"]
[White "Wirig,A"]
[Black "Dubocage,C"]
[Result "1-0"]
[WhiteElo "2510"]
[BlackElo "1947"]

1.e4 g6 2.d4 Bg7 3.Nc3 d6 4.Be3 Nc6 5.Bb5 a6 6.Bxc6+ bxc6 7.Qd2 Nf6 8.Bh6 O-O
9.h3 Re8 10.Bxg7 Kxg7 11.Nf3 Nd7 12.O-O-O e5 13.dxe5 Nxe5 14.Nxe5 Rxe5 15.f4 Re8
16.e5 d5 17.Ne4 Qe7 18.Nf6 Rd8 19.Qc3 Qe6 20.b3 a5 21.a4 Bd7 22.g4 Be8 23.h4 Ra6
24.h5 c5 25.hxg6 hxg6  1-0

[Event "7th Dieppe Open A"]
[Site "Dieppe FRA"]
[Date "2011.08.29"]
[Round "2.8"]
[White "Bujisho,B"]
[Black "Feryn,B"]
[Result "1-0"]
[WhiteElo "2369"]
[BlackElo "2032"]

1.d4 g6 2.e4 Bg7 3.Nc3 d6 4.Be3 Nf6 5.Qd2 O-O 6.O-O-O a6 7.Bh6 b5 8.f3 b4
9.Nce2 c5 10.h4 Qa5 11.Kb1 c4 12.c3 Nc6 13.Bxg7 Kxg7 14.d5 Ne5 15.cxb4 Qb6
16.g4 Bxg4 17.fxg4 Nfxg4 18.Qd4 Qxd4 19.Rxd4 Nf2 20.Rh2 Nfg4 21.Rh3 Nf2 22.Ra3 Nfd3
23.Nc1 Nxb4 24.Nf3 Rfc8 25.Nxe5 dxe5 26.Rxc4 Nxd5 27.Rxc8 Rxc8 28.Bxa6 Ra8
29.Bb7 Rxa3 30.bxa3 Nb6 31.Nd3 Nc4 32.Ba6 Nd2+ 33.Kc1 Nf3 34.Bb7 Nxh4 35.a4 Nf5
36.a5 Nd6 37.a6 Nb5 38.a4  1-0

[Event "10th Sunny Beach Open"]
[Site "Sunny Beach BUL"]
[Date "2011.08.29"]
[Round "3.30"]
[White "Karadimov,M"]
[Black "Golcman,E"]
[Result "1/2-1/2"]
[WhiteElo "2062"]
[BlackElo "2291"]

1.d4 g6 2.e4 Bg7 3.Nc3 d6 4.Nge2 Nd7 5.g3 e5 6.Bg2 Ngf6 7.O-O O-O 8.h3 c6
9.Be3 Re8 10.g4 Nf8 11.Qd2 Qc7 12.f4 b5 13.dxe5 dxe5 14.f5 Rd8 15.Qe1 N8d7
16.Ng3 b4 17.Nd1 Ba6 18.Rf3 c5 19.Nf2 Bb7 20.g5 Ne8 21.Ng4 Nd6 22.Rf2 a5
23.Rd1 c4 24.Rfd2 Ra6 25.fxg6 hxg6 26.Qf2 c3 27.bxc3 Nc4 28.Rd3 Nb2 29.Rf1 Rf8
30.Rxd7 Qxd7 31.Nf6+ Bxf6 32.gxf6 Nd1 33.Qe1 Rd8 34.Nf5 Rxf6 35.Bg5 Rxf5
36.Rxf5 Rc8 37.Rxe5 Nxc3 38.Re7 Qc6 39.Qh4 Ba6 40.Bf6 Qc5+ 41.Kh2 Qh5 42.Qxh5 gxh5
43.Ra7 Rc6 44.e5 Rb6 45.Bf3 Be2 46.Bxe2 Nxe2 47.Rxa5 Rc6 48.Ra8+ Kh7 49.Be7 Rxc2
50.Bxb4 h4 51.Be7 Nf4+ 52.Kg1 Nxh3+ 53.Kf1 Rf2+ 54.Ke1 Rf4 55.Bf6 Kg6 56.Ke2 Kf5
57.Ke3 Rg4 58.a4 Nf4 59.Ra7 Nd5+ 60.Kf3 Nxf6 61.exf6  1/2-1/2

[Event "TCh-SRB Premier Men"]
[Site "Valjevo SRB"]
[Date "2011.08.29"]
[Round "3.1"]
[White "Radivojevic,I"]
[Black "Barlov,D"]
[Result "0-1"]
[WhiteElo "2363"]
[BlackElo "2475"]

1.e4 g6 2.d4 Bg7 3.Nc3 d6 4.Nge2 Nf6 5.g3 O-O 6.Bg2 e5 7.O-O Nc6 8.h3 exd4
9.Nxd4 Bd7 10.Be3 Re8 11.g4 a6 12.a4 Ne5 13.f4 Nc4 14.Bc1 c5 15.Nde2 Bc6
16.Qd3 b5 17.Rd1 Qc8 18.a5 Qb7 19.Ng3 b4 20.Nd5 Nxd5 21.Qxc4 Nf6 22.Re1 Nxe4
23.Rxe4 Rxe4 24.Bxe4 Bd4+ 25.Kh2 Bxe4 26.c3 bxc3 27.bxc3 d5 28.Qe2 Bxc3 29.Ra3 Bd4
30.Be3 Qb4 31.Qa2 Rb8 32.Nxe4 dxe4 33.Bd2 Qb2 34.Kg3 c4 35.Kh4 Bf2+ 36.Kg5 h6+  0-1

[Event "Circuito CBX IM"]
[Site "Natal BRA"]
[Date "2011.08.30"]
[Round "8"]
[White "Rodi,L"]
[Black "Silveira Filho,N"]
[Result "1-0"]
[WhiteElo "2416"]
[BlackElo "2237"]

1.e4 g6 2.d4 Bg7 3.Nc3 d6 4.Be3 a6 5.a4 b6 6.f4 Nf6 7.Be2 Bb7 8.Bf3 d5 9.e5 Ne4
10.Nge2 f5 11.Bxe4 fxe4 12.f5 Nd7 13.Nf4 Nf8 14.fxg6 hxg6 15.Nxg6 Nxg6 16.Qg4 Nh4
17.Qxg7 Kd7 18.Qg4+ e6 19.O-O-O Qg8 20.Bg5 Rf8 21.Rhf1 Qg6 22.Rxf8  1-0

[Event "10th Sunny Beach Open"]
[Site "Sunny Beach BUL"]
[Date "2011.08.30"]
[Round "4.10"]
[White "Levushkina,E"]
[Black "Bratanov,Z"]
[Result "0-1"]
[WhiteElo "2322"]
[BlackElo "2457"]

1.e4 g6 2.d4 Bg7 3.Nc3 d6 4.f4 Nf6 5.Nf3 O-O 6.Bd3 Na6 7.O-O c5 8.d5 Rb8
9.a4 Nb4 10.Bc4 e6 11.dxe6 Bxe6 12.Bxe6 fxe6 13.Qe2 d5 14.Ng5 Qd7 15.e5 Ne8
16.Nd1 Nc7 17.Nf2 b6 18.Ra3 Nc6 19.Rh3 h6 20.Nf3 Ne7 21.Nh4 Qxa4 22.Ra3 Qc6
23.Rxa7 Ra8 24.Rxa8 Qxa8 25.Ng4 Qa6 26.Qe1 Qc4 27.c3 Qd3 28.b4 Nb5 29.bxc5 bxc5
30.Rf3 Qb1 31.Rf1 Qd3 32.Rf3 Qc2 33.Qd2 Qxd2 34.Bxd2 Kf7 35.Nf2 Ra8 36.g4 Ra2
37.Be1 d4 38.cxd4 Nxd4 39.Rd3 Ne2+ 40.Kf1 Nxf4 41.Rf3 g5 42.Ng2 Ng6 43.Nxf4 Nxe5
44.Rc3 gxf4 45.Rxc5 Nf3 46.Rc7+ Kg8 47.h3 Bd4  0-1

[Event "TCh-SRB Premier Women"]
[Site "Valjevo SRB"]
[Date "2011.08.31"]
[Round "5.6"]
[White "Eric,J"]
[Black "Rakic,Ma"]
[Result "1-0"]
[WhiteElo "2282"]
[BlackElo "2283"]

1.e4 g6 2.d4 Bg7 3.Nc3 d6 4.Be3 a6 5.Qd2 b5 6.h4 h5 7.f3 Nd7 8.Nh3 b4 9.Nd5 c5
10.Ng5 e6 11.Nf4 Qf6 12.c3 bxc3 13.bxc3 Ne7 14.e5 dxe5 15.Ne4 exf4 16.Nxf6+ Bxf6
17.Bxf4 cxd4 18.cxd4 Nf5 19.Bd3 Nxd4 20.Rc1 Bb7 21.O-O Bd5 22.Bd6 Nb5 23.Be4 Nb6
24.Bc5 Bd8 25.a4 Bxe4 26.fxe4 Nxa4 27.Qf2 f6 28.Qa2 Nxc5 29.Rxc5 Nd4 30.Qa4+  1-0

[Event "18th Graz Open"]
[Site "Graz AUT"]
[Date "2011.09.02"]
[Round "7"]
[White "Rattinger,F"]
[Black "Loebler,H"]
[Result "1-0"]
[WhiteElo "2072"]
[BlackElo "2153"]

1.e4 g6 2.d4 Bg7 3.Nc3 d6 4.Nf3 a6 5.Be3 Nd7 6.Qd2 b5 7.a4 b4 8.Ne2 Rb8 9.Ng3 c5
10.c3 bxc3 11.bxc3 Qa5 12.Bd3 Rb3 13.Ne2 Ngf6 14.Bc2 Rb8 15.h3 O-O 16.O-O cxd4
17.cxd4 Qxd2 18.Nxd2 Bb7 19.Rab1 a5 20.Bd3 Bc6 21.Nc3 Rfc8 22.Nb5 Bxb5 23.Rxb5 Rxb5
24.Bxb5 Nb6 25.d5 Nfd7 26.Nb3 Nc5 27.Nxc5 dxc5 28.Rc1 e6 29.dxe6 fxe6 30.Rxc5 Bc3
31.Rxc8+ Nxc8 32.Bd7  1-0

[Event "18th Graz Open"]
[Site "Graz AUT"]
[Date "2011.09.03"]
[Round "8"]
[White "Mitkovski,Z"]
[Black "Singer,Ri"]
[Result "0-1"]
[WhiteElo "2151"]
[BlackElo "2260"]

1.e4 g6 2.d4 Bg7 3.Nc3 d6 4.Be3 c6 5.Qd2 b5 6.h3 Nd7 7.g4 Nb6 8.b3 h5 9.g5 e6
10.Bg2 Ne7 11.f4 d5 12.e5 Nf5 13.Bf2 Bf8 14.Nf3 Qc7 15.Ne2 a5 16.O-O Ba6
17.Rfc1 Ba3 18.Rd1 O-O 19.Bf1 Rfc8 20.Kh2 Nd7 21.Ng3 Nxg3 22.Kxg3 Bb7 23.c4 c5
24.cxb5 c4 25.Qc2 Nb6 26.Nd2 Qd7 27.Rab1 a4 28.bxc4 dxc4 29.d5 h4+ 30.Kh2 Qxd5  0-1

[Event "15th Cesenatico Open"]
[Site "Cesenatico ITA"]
[Date "2011.09.04"]
[Round "2"]
[White "Di Trapani,D"]
[Black "Cocchi,A"]
[Result "1-0"]
[WhiteElo "2024"]
[BlackElo "2297"]

1.e4 g6 2.d4 Bg7 3.Nc3 d6 4.Be3 Nd7 5.h4 h6 6.Qd2 a6 7.h5 g5 8.f4 gxf4 9.Bxf4 Bxd4
10.Qxd4 e5 11.Bxe5 Nxe5 12.Nf3 Nxf3+ 13.gxf3 Qf6 14.O-O-O Qxd4 15.Rxd4 Be6
16.Nd5 O-O-O 17.Rg1 c5 18.Rd2 Bxd5 19.Rxd5 Ne7 20.Rd2 d5 21.Rg7 Rhg8 22.Rxf7 Nc6
23.Bh3+ Kb8 24.Rxd5 Rxd5 25.exd5 Nb4 26.d6 Nxa2+ 27.Kd2 Nb4 28.d7 Nc6 29.Rh7 Kc7
30.Rxh6 Rg3 31.Bg4 Rg2+ 32.Kc3 a5 33.Rh8 Nd8 34.h6 Rh2 35.h7 b5 36.Bf5 b4+
37.Kb3  1-0